| 000 | 00857naa a2200265 c 4500 | ||
|---|---|---|---|
| 001 | 41757 | ||
| 003 | ES-MaCES | ||
| 005 | 20251126101740.0 | ||
| 008 | 110520n2010 sp d t 000 | spa d | ||
| 035 | _aCES20110006499v | ||
| 040 |
_aES-MaCES _bspa _cES-MaCES |
||
| 100 | 1 |
_aTobío Soler, Constanza _924952 |
|
| 245 | 1 | 1 |
_a¿Qué conciliación? una propuesta de modelo integral _cConstanza Tobío Soler |
| 650 | 4 |
_aespacio social europeo _930775 |
|
| 650 | 4 |
_adatos estadísticos _930765 |
|
| 650 | 4 |
_aprestaciones familiares _927038 |
|
| 650 | 4 |
_aconciliación _927303 |
|
| 650 | 4 |
_afamilia _927318 |
|
| 650 | 4 |
_apolítica laboral _928290 |
|
| 653 | 1 | 0 | _aRelaciones laborales-Empleo |
| 773 | 0 |
_tMujeres _gp. 19-38 _w(ES-MaCES)23771 |
|
| 902 | _aARL Artículo de libro | ||
| 942 |
_2CES _cAR _h2.0. |
||
| 999 |
_c41757 _d41757 |
||